| 000 | 00881nam a2200205 a 4500 | ||
|---|---|---|---|
| 001 | 000344374 | ||
| 003 | AM-YeHGA | ||
| 005 | 20250617131152.0 | ||
| 008 | 040617s2001 ||| r 000 0 rus d | ||
| 020 | _a5824301522 | ||
| 040 | _aAM-YeHGA | ||
| 100 | 1 | _aМилюков, Павел Николаевич. | |
| 245 | 1 | 0 |
_aИстория второй русской революции / _cП.Н. Милюков. |
| 260 |
_aМосква : _bРОССПЭН, _c2001. |
||
| 300 | _a767 с. | ||
| 650 | 1 | 4 |
_aИстория _xВторая русская революция _zРоссия |
| 650 | 1 | 4 |
_aВторая русская революция _zРоссия |
| 650 | 1 | 4 |
_aИстория _xВторая революция в России (1914 - февраль 1917 г.) _yПериод первой мировой войны _vВоспоминания _zРоссия |
| 090 | _c132408 | ||
| 999 |
_c131042 _d131042 |
||